000 00846nam a2200253Ia 4500
003 OSt
005 20220923220011.0
006 a|||||r|||| 00| 0
007 ta
008 220922b |||||||| |||| 00| 0 hin d
024 _a183,458
037 _cTextual
040 _aARTS
_cARTS
_bhin
041 _2hin
_ahin
082 _aO152,1:gN, M7
100 _aधवन, युद्ववीर
245 0 _aसमकालीन लम्बी कविता की पहचान
246 _aSamakālīn lambī kavitā kī pahachāna
260 _aहरियाणा
_b संजीव प्रकाशन
_c1987
300 _a136 पृ.
_ccm.
650 _aहिन्दी साहित्य
_9156264
942 _hO152,1:gN, M7
_cTEXL
_2CC
999 _c336794
_d336794